野豬渡河
| 資料類型: | 圖書 | 書目號: | 53402 |
Leader xxxxxxxxxx 001 __ 102605/8/01 005 __ 20191030163626.666 010 0_ |a978-957-08-5159-5|b平裝|d新臺幣380元 042 __ |anbic 100 __ |a20191030d2019 m y0chiy50 e 101 0_ |achi 102 __ |atw 105 __ |ay z 000ay 200 1_ |a野豬渡河|f張貴興著 205 __ |a初版 210 __ |a新北市|c聯經|d2019[民108] 215 0_ |a415面|d21公分 225 12 |a當代名家|i張貴興作品集|v2 606 __ |2cst|a長篇小說 700 _1 |a張|b貴興|4著 681 __ |a857.7|b8744 801 _0 |atw|bLibDipper|c20191030|gCCR |